000 00288nam a2200121Ia 4500
005 20251222154402.0
008 251222s9999||||xx |||||||||||||| ||spa||
082 _a154.6/F83
100 _a"Freud, Sigmund"
245 0 _aLa interpretacion de los sueƱos
250 _a5a.ed.
942 _cLIB
999 _c35337
_d35337